000 01117cam a2200301 a 4500
001 3033714
003 OSt
005 20180117085959.0
008 950602s1996 nyua b 001 0 eng
010 _a 95024107
020 _a0673997871 (instructor ed.)
020 _a0673991350 (student ed.)
040 _aDLC
_cDLC
_dDLC
050 0 0 _aHM51
_b.T53 1996
082 0 0 _a301
_220
100 1 _aThio, Alex.
245 1 0 _aSociology /
_cAlex Thio.
250 _a4th ed.
260 _aNew York :
_bHarperCollins College Publishers,
_cc1996.
300 _axxii, 443 p. :
_bill. (some col.) ;
_c29 cm.
500 _a"Professional edition"--Cover.
504 _aIncludes bibliographical references (p. 561-584) and indexes.
650 0 _aSociology.
906 _a7
_bcbc
_corignew
_d1
_eocip
_f19
_gy-gencatlg
942 _2ddc
_cBK
999 _c3118
_d3118